Movies Quiz

Random Movies or Disney Quiz

Mother Knows Best Warnings Quiz Stats

 Plays Quiz not verified by Sporcle

Score 0/9 Timer 01:00
0 Plays Today
% Correct
Men With Pointy Teeth
82.4%
Poison Ivy
73.5%
Quicksand
73.3%
Ruffians
70.6%
Thugs
70.6%
Snakes
68.8%
The Plague
67.7%
Cannibals
59.1%
Large Bugs
56.8%

You're not logged in!

Compare scores with friends on all Sporcle quizzes.
OR
Log In

Show Comments

Extras

Top Quizzes Today


Score Distribution

Your Account Isn't Verified!

In order to create a playlist on Sporcle, you need to verify the email address you used during registration. Go to your Sporcle Settings to finish the process.

Report this User

Report this user for behavior that violates our Community Guidelines.

Details: